[Event "MEX-ch U26 (Women)"]
[Site "Puebla"]
[Date "2014.04.28"]
[Round "1.6"]
[White "Vega Gordillo, Miriam"]
[Black "Velazquez Simon, Ada Alicia"]
[Result "0-1"]
[WhiteElo "1397"]
[BlackElo "1900"]
[PlyCount "114"]
[EventDate "2014.04.28"]
[EventType "swiss"]
[EventRounds "6"]
[EventCountry "MEX"]
[SourceTitle "CBM 160 Extra"]
[Source "ChessBase"]
[SourceDate "2014.07.01"]
[SourceVersion "1"]
[SourceVersionDate "2014.07.01"]
[SourceQuality "1"]

1. e4 c5 2. Nf3 d6 3. Nc3 Nf6 4. d4 cxd4 5. Nxd4 e5 6. Nf3 Be6 7. Be2 Be7 8. 0-0 Nc6 9. Be3 0-0 10. Ng5 d5 11. exd5 Bxd5 12. f4 h6 13. Nh3 e4 14. f5 Qa5 15. a3 Bc5 16. Qd2 Rfd8 17. b4 Bxe3+ 18. Qxe3 Qc7 19. Nb5 Qe5 20. c4 Ng4 21. Bxg4 Bxc4 22. Rfe1 Bxb5 23. Qxe4 Qxe4 24. Rxe4 Rd2 25. Rae1 Nd4 26. Nf4 Bc6 27. Re7 Nc2 28. R1e2 Rxe2 29. Rxe2 Nxa3 30. Nh5 Rd8 31. h4 Rd4 32. Bf3 Bxf3 33. gxf3 Rxh4 34. Ng3 Rxb4 35. Ra2 Nb5 36. Rg2 Nd4 37. Ne4 Nxf3+ 38. Kf2 Rxe4 39. Kxf3 Rc4 40. Rb2 b6 41. Ra2 a5 42. Rb2 Rb4 43. Ra2 a4 44. Ke3 Rb3+ 45. Kd4 b5 46. Rg2 a3 47. f6 g5 48. Ra2 b4 49. Kc5 Rb2 50. Ra1 a2 51. Kb5 b3 52. Ka4 Rb1 53. Ka3 Rxa1 54. Kxb3 Rf1 55. Kxa2 g4 56. Kb2 g3 57. Kc3 g2 0-1